Κατάλογος Βιβλιοθηκών Mediterranean College

Relational Integrative Psychotherapy / Engaging Process and Theory in Practice (Record no. 3134)

MARC details
000 -LEADER
fixed length control field 01338cam a22001934a 4500
005 - ΗΜΕΡΟΜΗΝΙΑ ΚΑΙ ΩΡΑ ΤΕΛΕΥΤΑΙΑΣ ΕΝΗΜΕΡΩΣΗΣ
Πεδίο ελέγχου 20250605164106.0
008 - FIXED-LENGTH DATA ELEMENTS--GENERAL INFORMATION
Πεδίο ελέγχου σταθερού μήκους 250528s ||||||||||||||||||||||||d
035 ## - SYSTEM CONTROL NUMBER
System control number 17733
020 ## - ISBN
ISBN 9781119087298
040 ## - ΠΗΓΗ ΚΑΤΑΛΟΓΟΓΡΑΦΗΣΗΣ
Φορέας πρωτότυπης καταλογογράφησης MC Athens Campus Library
Γλώσσα καταλογογράφησης Ελληνικά, Μοντέρνα (1453-)
Modifying agency MC Athens Campus Library
Κανόνες περιγραφικής καταλογογράφησης AACR2
245 1# - ΤΙΤΛΟΣ ΚΑΙ ΔΗΛΩΣΗ ΥΠΕΥΘΥΝΟΤΗΤΑΣ
Τίτλος Relational Integrative Psychotherapy / Engaging Process and Theory in Practice
260 ## - PUBLICATION, DISTRIBUTION, ETC.
Name of publisher, distributor, etc. Wiley Blackwell,
Date of publication, distribution, etc. 2016
300 ## - PHYSICAL DESCRIPTION
Extent 264
520 ## - SUMMARY, ETC.
Summary, etc. This is an ideal textbook for those students seeking to identify their own model of psychotherapy integration as well as for the advanced practitioner seeking a review of salient concepts. Foreword, Preface, Acknowledgements, What is Relational Integrative Psychotherapy?, Being and Doing Processes, Meeting and Contracting, Engaging the Therapeutic Process, Empathizing and Attuning, Holding and Containing and Boundarying, Resourcing: Nurturing Skills and Mobilizing Coping Strategies, Intuiting and Imagining and Interpreting, Challenging, Integrating, Ending, Theory Applied to Practice, Cognitively Orientated Therapy, Existential Phenomenology: Theory and Therapy, Gestalt Theory and Therapy, Relational Psychoanalytic Theory in Practice, Systemic Theory and Therapy, Transactional Analysis, Postscript, References, Index.
700 1# - ΠΡΟΣΘΕΤΗ ΑΝΑΓΡΑΦΗ--ΦΥΣΙΚΟ ΠΡΟΣΩΠΟ
Personal name Finlay Linda
9 (RLIN) 3926
942 ## - ADDED ENTRY ELEMENTS (KOHA)
Koha item type Books
Holdings
Τύπος τεκμηρίου Βιβλιοθήκη Τρέχουσα τοποθεσία Barcode Αριθμός εισαγωγής Ημερομηνία απόκτησης Ταξιθετικό σύμβολο Αριθμός αντιτύπου Κατάσταση απόσυρσης Κατάσταση χαμένου Κατάσταση κατεστραμμένου Μη δανεισμός Σύνολο δανεισμών Ημερομηνία τελευταίας εμφάνισης Η τιμή ισχύει από
Books MC Athens Campus Library MC Athens Campus Library 9780000031334 6294 05/06/2025 616.89/14 FIN 1           05/06/2025 05/06/2025

MC Athens Campus Library
Πατησίων 94 & Κοδριγκτώνος 13, 104 34
Πελλήνης 8 & Πατησίων 107, 112 51
Τ: +30 210 8899600

MC Thessaloniki Campus Library
Ίωνος Δραγούμη 21, 54625 | Ίωνος Δραγούμη 15, 54625
Τ: +30 2310 287779 – Τ: +30 2314 440300